Women's 100 Metre Gold Medallists at the Olympics - Statistics

General Stats
  • This quiz has been taken 25 times
  • The average score is 7 of 23
Answer Stats
Picture Hint Answer % Correct
1988 - United States Florence Griffith-Joyner
80%
2000 - United States (Medal later stripped) Marion Jones
72%
2012 - Jamaica Shelly-Ann Fraser-Pryce
72%
2008 - Jamaica Shelly-Ann Fraser
68%
2024 - Saint Lucia Julien Alfred
48%
2016 - Jamaica Elaine Thompson
44%
2020 - Jamaica Elaine Thompson-Herah
44%
1992 - United States Gail Devers
44%
1996 - United States Gail Devers
44%
1984 - United States Evelyn Ashford
32%
1948 - Netherlands Fanny Blankers-Koen
32%
1960 - United States Wilma Rudolph
28%
1956 - Australia Betty Cuthbert
20%
1952 - Australia Marjorie Jackson
20%
1964 - United States Wyomia Tyus
20%
1968 - United States Wyomia Tyus
20%
1972 - East Germany Renate Stecher
16%
1976 - West Germany Annegret Richter
8%
1928 - United States Betty Robinson
8%
1936 - United States Helen Stephens
4%
1980 - Soviet Union Lyudmila Kondratyeva
4%
1932 - Poland Stanisława Walasiewicz
0%
2004 - Belarus Yulia Nestsiarenka
0%
No matching quizzes found
Score Distribution
Percent of People with Each Score
Percentile by Number Answered
Your Score History
You have not taken this quiz